| 000 | 01722cas a22004571 4500 | ||
|---|---|---|---|
| 999 |
_c523513 _d523513 |
||
| 001 | 11160485 | ||
| 003 | NUST | ||
| 005 | 20190327105747.0 | ||
| 008 | 741224d19631969iluqr p 0 a0eng | ||
| 010 | _a 68000012 | ||
| 022 | 0 |
_a0885-2456 _21 |
|
| 032 |
_a707480 _bUSPS |
||
| 035 | _a(OCoLC)ocm01783291 | ||
| 038 | _aKiani | ||
| 040 |
_aDLC _beng _cDLC _dOCL _dNSD _dOCL _dAIP _dNSD _dHUL _dNSD _dOCL _dDLC _dNST _dIUL _dNST _dWAU _dOCLCQ _dDLC _dOCLCO _dOCLCF _dOCLCO _dCOO _dGILDS _dOCLCQ |
||
| 042 |
_apcc _ansdp |
||
| 050 | 0 | 0 |
_aHF5718 _b.J6 |
| 082 | _a650 | ||
| 210 | 0 |
_aJ. bus. commun. _b(1963) |
|
| 222 | 4 |
_aThe Journal of business communication _b(1963) |
|
| 245 | 0 | 4 | _aThe Journal of business communication. |
| 260 |
_a[Urbana, Ill.] _bAmerican Business Writing Association. |
||
| 300 |
_a6 volumes _c23 cm |
||
| 310 | _aQuarterly | ||
| 336 |
_atext _btxt _2rdacontent |
||
| 337 |
_aunmediated _bn _2rdamedia |
||
| 338 |
_avolume _bnc _2rdacarrier |
||
| 362 | 0 | _av. 1-6; Oct. 1963-summer 1969. | |
| 530 | _aAlso issued on microfilm from University Microfilms. | ||
| 590 | _aSERBIB/SERLOC merged record | ||
| 650 | 0 |
_aCommunication in management _vPeriodicals. _913993 |
|
| 650 | 7 |
_aCommunication in management. _2fast _0(OCoLC)fst00870174 _911531 |
|
| 655 | 7 |
_aPeriodicals. _2fast _0(OCoLC)fst01411641 _914003 |
|
| 655 | 7 |
_aPeriodicals. _2lcgft _914003 |
|
| 710 | 2 |
_aAmerican Business Writing Association. _914004 |
|
| 776 | 1 |
_cMicrofiche _w(DLC)sn 90040412 _w(OCoLC)7508494 |
|
| 785 | 0 | 0 |
_tABCA journal of business communication _x0886-7216 _w(DLC) 87656554 _w(OCoLC)5589921 |
| 906 |
_a7 _bcbc _cserials _du _encip _f19 _gn-oclcserc |
||
| 942 |
_2ddc _cCR _s1 |
||